| 000 | 00457nam a2200181Ia 4500 | ||
|---|---|---|---|
| 008 | 151202s9999||||xx |||||||||||||| ||und|| | ||
| 082 | _bPNVM-11276 | ||
| 100 | _aLYELL. | ||
| 245 | _aLYRICAL POEMS OF DANTE ALIGHIERI. | ||
| 260 | _b"K/. SMITH, LONDON." | ||
| 260 | _c1845 | ||
| 300 | _a144 | ||
| 600 | _aLYELL. | ||
| 630 | _aLYRICAL POEMS OF DANTE ALIGHIERI. | ||
| 700 | _aLYELL. | ||
| 730 | _aLYRICAL POEMS OF DANTE ALIGHIERI. | ||
| 942 | _cBOOK | ||
| 999 |
_c1277263 _d1277260 |
||